Wonderwall Oasis Lyrics - Statistics

General Stats
  • This quiz has been taken 2,929 times
    2,914 since last reset
  • The average score is 226 of 268
Answer Stats
Answer % Correct
I
99%
i
99%
you
99%
be
98%
the
98%
gonna
97%
to
97%
a
96%
That
96%
that
96%
day
95%
is
95%
Today
94%
back
93%
do
93%
now
92%
your
92%
it
91%
all
90%
don't
90%
And
88%
on
88%
way
88%
wonderwall
88%
about
87%
anybody
87%
By
87%
Feels
87%
believe
86%
my
86%
throw
84%
you're
84%
what
83%
me
82%
after
81%
somehow
80%
maybe
79%
But
78%
but
78%
Realized
78%
saves
78%
one
77%
are
76%
should've
75%
know
73%
there
73%
There
73%
how
72%
gotta
71%
they're
71%
say
70%
in
68%
like
68%
things
68%
I'm
67%
out
67%
many
66%
never
66%
roads
66%
street
66%
winding
66%
would
66%
Would
66%
we
65%
fire
64%
light
64%
blinding
63%
heart
63%
had
62%
have
61%
word
61%
lead
60%
before
59%
doubt
59%
really
58%
sure
58%
Because
57%
heard
57%
lights
56%
was
56%
you've
56%
Backbeat
54%
us
52%
said
51%
walk
51%
not
41%
they'll
40%
No matching quizzes found
Score Distribution
Percent of People with Each Score
Percentile by Number Answered
Your Score History
You have not taken this quiz since the last reset